| 000 | 00629nam a2200193Ia 4500 | ||
|---|---|---|---|
| 003 | GCL | ||
| 008 | 140319s9999 xx 000 0 ara d | ||
| 040 |
_aGCL / _cGCL |
||
| 082 | 0 | 4 |
_a377.1 _bم م |
| 100 | 1 | _aمحمد ابراهيم سليم | |
| 245 | 1 | 0 |
_aمنهاج تربية الطفل المسلم من توجيهات القران الكريم / _cمحمد ابراهيم سليم |
| 260 |
_a[S.N] : _bمكتبة القران ، _c1984 |
||
| 300 | _a80 ص | ||
| 490 | _a | ||
| 650 | 0 | 4 | _aالاسلام |
| 650 | 0 | 4 | _aالاخلاق الاسلامية |
| 650 | 0 | 4 | _aالتربية الاسلامية |
| 942 |
_2ddc _cBK |
||
| 999 |
_c29557 _d29557 |
||